| 000 | 01082cam a2200265 a 4500 | ||
|---|---|---|---|
| 005 | 20171107124149.0 | ||
| 008 | 961030s1996 enk b f000 0 eng d | ||
| 020 | _a0117532576 | ||
| 040 |
_aUk _cUk _dDLC _dDLC _dCO-BoIAVH |
||
| 041 | 0 | _aeng | |
| 044 | _ack | ||
| 082 | 0 | 4 |
_a333.950681 _bW73t |
| 100 | 1 |
_aWillis, K. J. _eautor |
|
| 245 | 1 | 0 |
_aTowards a methodology for costing biodiversity conservation in the UK : _ba report to the Department of the Environment / _cKen Willis, Guy Garrod y Peter Shepherd. |
| 260 |
_aLondres (Inglaterra) : _bHMSO, _cc1996. |
||
| 300 |
_a197 páginas : _bilustraciones ; _c30 x 21 cm. |
||
| 504 | _aIncluye referencias bibliográficas. | ||
| 650 | 1 | 6 |
_aConservación de la diversidad biológica _xAspectos económicos _zReino Unido |
| 650 | 2 | 6 |
_aBiodiversidad _xAspectos económicos _zReino Unido |
| 650 | 2 | 6 |
_aEconomía medioambiental _zReino Unido |
| 700 | 1 |
_aGarrod, Guy _eautor |
|
| 700 | 1 |
_aShepherd, Peter _eautor |
|
| 710 | 1 |
_aGreat Britain _bDepartment of the Environment |
|
| 942 |
_2ddc _cLIBRO |
||
| 999 |
_c363 _d363 |
||